Statistics for Author Pen Names

Click here to take the quiz!

General Stats

  • This quiz has been taken 9 times
  • The average score is 2 of 7

Answer Stats

Real NamePen Name% Correct
Samuel Langhorne ClemensMark Twain
100%
Mary Ann EvansGeorge Eliot
44%
Daniel HandlerLemony Snicket
33%
Stephen KingRichard Bachman | The King
33%
Amantine Lucile Aurore DupinGeorge Sand
11%
Louisa May AlcottA.M. Barnard
0%
Erika LeonardE.L. James
0%

Score Distribution

Percentile by Number Answered

Percent of People with Each Score

Your Score History

You have not taken this quiz